| 000 | 01967nam0a2200373 i 4500 | ||
|---|---|---|---|
| 001 | RU\NLR\BIBL_A\011267789 | ||
| 005 | 20260406164244.0 | ||
| 010 |
_a9785811266197 _93000 |
||
| 021 |
_aRU _b2016-81479 _95319 |
||
| 035 | _a(NLR Aleph) 011267789 | ||
| 090 |
_a10805556 _c10805556 |
||
| 100 | _a20161110d2017 e y0rusy50 ca | ||
| 101 | 0 |
_arus _aeng |
|
| 102 | _aRU | ||
| 105 | _aa j 000ay | ||
| 200 | 1 |
_aАлиса в Зазеркалье _e[адаптированный текст сказки _eна английском языке _eпособие для учащихся 10-11 классов средних школ, лицеев и гимназий] _fЛьюис Кэрролл _gадапт. текста, коммент., упражнения, слов. Е. Г. Вороновой _g[ил.: Т. В. Никитина] |
|
| 210 |
_aМосква _cАйрис пресс _d2017 _d[т.е. 2016] |
||
| 215 |
_a169, [2] с. _cил. _d21 |
||
| 225 | 1 |
_aАнглийский клуб _iIntermediate |
|
| 225 | 1 | _aДомашнее чтение | |
| 300 | _aНа обл. загл. и авт. на англ. яз.: Through the looking-glass and what Alice found there / Lewis Carroll | ||
| 300 | _aКн. фактически изд. в 2016 г. | ||
| 333 | _a6+ | ||
| 517 | 1 |
_6z45790 _aThrough the looking-glass and what Alice found there |
|
| 606 | 1 |
_aАнглийский язык _jУчебные издания для средней школы _9972309 _3RU\NLR\AUTH\6646032 |
|
| 686 | 3 | _aШ143.21-93рус21[10/11] | |
| 700 | 1 |
_7ca _8rus _aКэрролл _bЛ. _f1832-1898 _gЛьюис _3RU\NLR\AUTH\7710596 _9120364 |
|
| 702 | 1 |
_4010 _4212 _8rus _7ca _aВоронова _bЕ. Г. _cфилолог _gЕлена Геннадьевна _3RU\NLR\AUTH\7745207 _928146 |
|
| 702 | 1 |
_aНикитина _bТ. В. _4440 |
|
| 790 | 1 |
_7ba _8eng _aCarroll _bL. _f1832-1898 _gLewis _3RU\NLR\AUTH\7751710 _934643 |
|
| 942 | _cBOOK | ||
| 980 | _aNBR | ||